[Event "Schachfestival Basel 2017"]
[Site "Basel"]
[Date "2017.01.08"]
[Round "9"]
[White "Schroeder, Jan-Christian"]
[Black "Heimann, Andreas"]
[Result "1/2-1/2"]
[WhiteElo "2550"]
[BlackElo "2603"]
[PlyCount "92"]
[EventDate "2017.??.??"]
[EventType "swiss"]
[EventCountry "SUI"]
[SourceTitle "playchess.com"]
[Source "ChessBase"]
[TimeControl "40/6000+30:1800+30"]

1. e4 {[%emt 0:07:38]} c5 {[%emt 0:00:09]} 2. Nf3 {[%emt 0:00:03]} d6 {[%emt 0:
00:04]} 3. d4 {[%emt 0:00:03]} cxd4 {[%emt 0:00:06]} 4. Nxd4 {[%emt 0:00:04]}
Nf6 {[%emt 0:00:06]} 5. Nc3 {[%emt 0:00:02]} a6 {[%emt 0:00:12]} 6. Be3 {
[%emt 0:00:04]} e5 {[%emt 0:00:05]} 7. Nf3 {[%emt 0:00:04]} Be7 {[%emt 0:00:42]
} 8. Bc4 {[%emt 0:00:07]} O-O {[%emt 0:00:05]} 9. O-O {[%emt 0:00:06]} Qc7 {
[%emt 0:00:02]} 10. Bb3 {[%emt 0:03:54]} Be6 {[%emt 0:00:16]} 11. Rc1 {[%emt 0:
11:46]} Nc6 {[%emt 0:17:44]} 12. Bg5 {[%emt 0:03:09]} Rac8 {[%emt 0:12:21]} 13.
Bxf6 {[%emt 0:08:13]} Bxf6 {[%emt 0:00:05]} 14. Nd5 {[%emt 0:00:16]} Bxd5 {
[%emt 0:08:19]} 15. Bxd5 {[%emt 0:00:10]} Bd8 {[%emt 0:00:09]} 16. c3 {[%emt 0:
04:58]} Ne7 {[%emt 0:09:34]} 17. Bb3 {[%emt 0:04:00]} Qc6 {[%emt 0:00:05]} 18.
Qd3 {[%emt 0:09:50]} Bc7 {[%emt 0:02:32]} 19. Rfd1 {[%emt 0:05:17]} Rcd8 {
[%emt 0:00:52]} 20. Rc2 {[%emt 0:04:08]} g6 {[%emt 0:02:03]} 21. h4 {[%emt 0:
04:28]} Kg7 {[%emt 0:04:14]} 22. Re2 {[%emt 0:04:36]} Bb6 {[%emt 0:01:03]} 23.
Bd5 {[%emt 0:06:39]} Nxd5 {[%emt 0:20:31]} 24. Qxd5 {[%emt 0:00:04]} Qxd5 {
[%emt 0:00:03]} 25. Rxd5 {[%emt 0:00:05]} Kf6 {[%emt 0:00:03]} 26. a4 {[%emt 0:
15:18]} Ke6 {[%emt 0:01:14]} 27. g3 {[%emt 0:00:51]} h6 {[%emt 0:03:41]} 28.
Nd2 {[%emt 0:02:46]} Rc8 {[%emt 0:01:09]} 29. Kg2 {[%emt 0:09:05]} Rfd8 {
[%emt 0:11:07]} 30. c4 Bc5 {[%emt 0:08:40]} 31. b3 {[%emt 0:02:07]} Bb4 {
[%emt 0:00:50]} 32. Nf3 {[%emt 0:02:21]} h5 {[%emt 0:01:05]} 33. Ne1 {[%emt 0:
01:04]} Bxe1 {[%emt 0:00:57]} 34. Rxe1 {[%emt 0:00:01]} Rc5 {[%emt 0:00:09]}
35. Red1 {[%emt 0:01:13]} Rxd5 {[%emt 0:00:26]} 36. Rxd5 {[%emt 0:00:02]} f5 {
[%emt 0:01:26]} 37. f3 {[%emt 0:00:26]} Rf8 {[%emt 0:01:15]} 38. Rd2 {[%emt 0:
01:37]} b6 {[%emt 0:02:19]} 39. Rd5 {[%emt 0:00:46]} Rf7 {[%emt 0:00:52]} 40.
Rd2 {[%emt 0:01:07]} a5 {[%emt 0:31:46]} 41. Rd5 fxe4 {[%emt 0:00:00]} 42. fxe4
{[%emt 0:03:01]} Kd7 {[%emt 0:00:00]} 43. Rb5 {[%emt 0:03:39]} Kc6 {[%emt 0:00:
00]} 44. Rd5 Rf8 45. Rb5 {[%emt 0:01:35]} Rg8 {[%emt 0:00:00]} 46. Rd5 Rf8 {
[%emt 0:00:00]} 1/2-1/2

[Event "Schachfestival Basel 2017"]
[Site "Basel"]
[Date "2017.01.08"]
[Round "9"]
[White "Svane, Rasmus"]
[Black "Van Foreest, Jorden"]
[Result "1/2-1/2"]
[WhiteElo "2560"]
[BlackElo "2612"]
[PlyCount "54"]
[EventDate "2017.??.??"]
[EventType "swiss"]
[EventCountry "SUI"]
[SourceTitle "playchess.com"]
[Source "ChessBase"]
[TimeControl "40/6000+30:1800+30"]

1. d4 {[%emt 0:00:04]} d5 {[%emt 0:00:06]} 2. c4 {[%emt 0:00:06]} c6 {[%emt 0:
00:05]} 3. Nc3 {[%emt 0:00:29]} Nf6 {[%emt 0:00:07]} 4. e3 {[%emt 0:00:07]} e6
{[%emt 0:00:10]} 5. Nf3 {[%emt 0:00:06]} Nbd7 {[%emt 0:00:13]} 6. Qc2 {[%emt 0:
00:07]} b6 {[%emt 0:00:26]} 7. Bd3 {[%emt 0:00:18]} Bb7 {[%emt 0:00:08]} 8. O-O
{[%emt 0:00:07]} Bb4 {[%emt 0:00:05]} 9. Rd1 {[%emt 0:23:13]} O-O {[%emt 0:00:
46]} 10. b3 {[%emt 0:05:00]} c5 {[%emt 0:07:55]} 11. Bb2 {[%emt 0:13:39]} cxd4
{[%emt 0:07:47]} 12. Nxd4 {[%emt 0:00:55]} dxc4 {[%emt 0:00:44]} 13. Bxc4 {
[%emt 0:00:46]} Qe7 {[%emt 0:00:18]} 14. a3 {[%emt 0:15:46]} Bd6 {[%emt 0:06:
58]} 15. Be2 {[%emt 0:08:43]} Rac8 {[%emt 0:05:29]} 16. Bf3 {[%emt 0:08:50]}
Bxf3 {[%emt 0:04:09]} 17. Nxf3 {[%emt 0:00:06]} Ne5 {[%emt 0:00:34]} 18. Nd4 {
[%emt 0:06:53]} Bb8 {[%emt 0:05:00]} 19. Rac1 {[%emt 0:04:27]} Qc7 {[%emt 0:09:
53]} 20. Ndb5 {[%emt 0:02:43]} Qc6 {[%emt 0:08:47]} 21. Qe2 {[%emt 0:01:24]}
Qa8 {[%emt 0:07:04]} 22. Nd6 {[%emt 0:02:44]} Rc6 {[%emt 0:00:15]} 23. Ndb5 {
[%emt 0:00:34]} a6 {[%emt 0:01:43]} 24. Nd4 {[%emt 0:00:05]} Rcc8 {[%emt 0:00:
16]} 25. Nb1 {[%emt 0:04:06]} Qb7 {[%emt 0:03:15]} 26. Nf3 {[%emt 0:02:34]}
Nxf3+ {[%emt 0:01:38]} 27. Qxf3 {[%emt 0:00:05]} Qxf3 {[%emt 0:03:37]} 1/2-1/2